000 00816nam a2200253Ia 4500
003 OSt
005 20220930091520.0
006 a|||||r|||| 00| 0
007 ta
008 220926b |||||||| |||| 00| 0 eng d
024 _a6255
037 _cTheses
040 _aCRL
_cCRL
_beng
041 _2eng
_aeng
100 _aT. Dhanasekaran
_9545903
110 _aUniversity of Delhi. Faculty of Medical Sciences. Department of Pharmacy
245 0 _aInsulin resistance and apar alpha and gamma agonist and their mechanism of action
260 _c2007
650 _aPHARMACY
_9222451
700 _a Prof. B. P. Srinivasan Gu.
700 _aUniversity of Delhi. Faculty of Medical Sciences. Department of Pharmacy
942 _cDIS
_2CC
999 _c882182
_d882182